| 000 | 01015nmm a2200337 a 4500 | ||
|---|---|---|---|
| 003 | AR-BaBNM | ||
| 005 | 20251128211152.0 | ||
| 008 | 063020s[199 ||||||||||||||000 | spa|| | ||
| 040 | _cAR-BaBNM | ||
| 100 | 1 | _aVentura, Luciano Carvalho | |
| 245 | 1 | 0 |
_aEl empresario y el Mercosur _bel potencial de los negocios y los instrumentos de gestión de las empresas, Consejo de Administración, Directorio y otros |
| 260 |
_aSao Paulo _bMaltese _c[199?] |
||
| 300 | 0 | _a111 p. | |
| 504 | _aBibliografía en p. 109-110 | ||
| 650 | 4 | _aPOLITICA ECONOMICA | |
| 650 | 4 | _aEMPRESAS INDUSTRIALES | |
| 650 | 4 | _aECONOMIA INDUSTRIAL | |
| 650 | 4 | _aADMINISTRACION DE EMPRESAS | |
| 650 | 4 | _aEMPRESARIOS | |
| 650 | 4 | _aCONCENTRACION ECONOMICA | |
| 650 | 4 | _aGESTION | |
| 650 | 4 | _aNEGOCIOS | |
| 650 | 4 | _aRELACIONES COMERCIALES | |
| 651 | 4 | _aArgentina | |
| 651 | 4 | _aBrasil | |
| 651 | 4 | _aAmérica del Sur | |
| 653 | 0 | _aMERCOSUR | |
| 700 | 1 |
_aCabrero, Ezequiel Néstor _etraductor |
|
| 942 | _cBK | ||
| 998 | _cMariana | ||
| 999 |
_c18547 _d18547 |
||